000
00295nam a2200109Ia 4500
008
151213s9999 xx 000 0 und d
245
_a
Supporting Parsers Of The Trade & Development Report
260
_a
New York
_b
United Nation
_c
1994
300
_a
3017 p.
650
_a
Reference
999
_c
2104
_d
2104